00610nam a22002057a 4500003000500000005001700005008004100022010001000063011001000073035001000083040000900093110006300102245008800165260003900253300001800292490002500310650002200335650002200357830002500379CHAP20220329134901.0971013s1974 r 00010 d a27471 a28443 a32547 cCHAP aINIA. México. Campo Agrícola Experimental Cd. Delicias aRecomendaciones para trigo y avena en la región de Delicias, Chih., ciclo 1974-75 aDelicias, Chih. :bEl Campo,c1974 a23 p.b: ilus aCircular CIANEv; 6114aAvenaxChihuahua.14aTrigoxChihuahua.0 aCircular CIANEv; 61